Open Data Biblioteca Nacional de Portugal


República Portuguesa: Ministério da Cultura
Biblioteca Nacional de Portugal

Catálogo da BNP: acesso por Identificadores Unívocos
Registos Bibliográficos associados ao registo de autoridade

Etiqueta de registo: 00834cam 2200241 450
001 1059106
003 http://id.bnportugal.gov.pt/bib/catbnp/1059106
005 20011115121400.0
021 ## $aPT$b145981/00
100 ## $a20010612d2000 m a0pory0103 ba
101 1# $apor
102 ## $aPT
105 ## $aa z 001yy
106 ## $ar
200 1# $aMadeira, um oásis no atlântico$e uma introdução aos estudos oceanográficos no Arquipélago da Madeira$fRui Miguel Andrade Caldeira, Sophia Lekou$gtrad. Carla Freitas
210 #9 $aFunchal$cDirecção Regional de Formação Profissional,$d2000
215 ## $aXI, 106 p.$cil.$d30 cm
675 ## $a551.456(469.8)$vBN$zpor$31009983
675 ## $a908(469.8)$vBN$zpor$3420918
700 #1 $aCaldeira,$bRui Miguel Andrade$31009177
701 #1 $aLekou,$bSophia$4070$31009178
702 #1 $91$aFreitas,$bCarla$4730$31009179
966 ## $lBN$mFGMON$sS.A. 97791 V.$x1
966 ## $lBN$mFGMON$sS.A. 97791 V.$x1

Etiqueta de registo: 00254nam 2200025 450
001 2278705
003 http://id.bnportugal.gov.pt/bib/catbnp/2278705
100 ## $a20260310d2025 k y0pory01030103ba
101 0# $aeng$dpor
102 ## $aPT
105 ## $aa m 000yy
106 ## $ar
200 1# $aOn the nature of the shallow oxygen minimum zone of the Eastern Tropical North Atlantic$fCláudio Roberto Fernandes de Góis Cardoso$gorient. Paulo H. R. Calil, Álvaro Peliz, Rui M. A. Caldeira
210 #9 $aLisboa$c[s.n.],$d2025
215 ## $aXVIII, 244 p.$cil.$d30 cm$ecurrículum vitae (4 p.)
328 #1 $aTese dout. Ciências Geofísicas e da Geoinformação (Oceonografia), Faculdade de Ciências da Universidade de Lisboa, 2025
675 ## $a551.464(043)$vBN$zpor$31258614
700 #1 $aCardoso,$bCláudio Roberto Fernandes de Góis$31990396
702 #1 $aCalil,$bPaulo H. R.$4727$31990400
702 #1 $aPeliz,$bÁlvaro$4727$31587624
702 #1 $aCaldeira,$bRui Miguel Andrade$4727$31009177
801 #0 $aPT$bBN$gRPC
966 ## $lBN$mFGMON$sS.A. 193468 V.$x1
971 ## $cabrito$d20260310
972 ## $e0$z0$d20260416$vlrevez
973 ## $cigoulao$d20260408

OpendataBNP@bnportugal.pt | Mais informação sobre acesso aos dados BNP